LEADER 01184nam a2200277 i 4500 001 000000079443 003 CaOOAMICUS 005 20080227000000.0 008 080227n it u000 u ita u 013 $a51680 020 $a88-343-0994-4 040 $aSeMil$bita 245 10$aSoggetto e libertà nella condizione postmoderna /$ca cura di Francesco Botturi. 260 $aMilano :$bV&P Università 300 $aXXXII, 474 p. ;$c22 cm. 490 0 $aFilosofia morale ;$v16 650 4$aLibertà .$0(OLS)http://semarc/subject/6043 650 4$aPostmoderno - Filosofia.$0(OLS)http://semarc/subject/14196 700 1 $aBotturi, Francesco,$d<1947- >.$0(OLS)http://semarc/name/308 830 0$aFilosofia morale ;$v16.$0(OLS)http://semarc/title/572 850 $aSeMil 852 $aSeMil$W1$xVenegono$y1$m2NA K 16$j256850$B45152$CSeMilBibl$Z2$F47039 $81 961 $aSottoscrizione: Vita e Pensiero 996 $6020$a88-343-0994-4$9(OLS)http://semarc/number/60752 996 $6245$aSoggetto e libertà nella condizione postmoderna$9(OLS)http://semarc/title/127430 996 $6260$aMilano :$bV&P Università$9(OLS)http://semarc/publisher/32087 LEADER 01125nam a2200241 i 4500 001 000000174370 003 CaOOAMICUS 005 20260130092616.0 008 081118s1940 it u000 u ita u 013 $a151846 040 $aSeMil$bita 245 10$aEvangeliario festivo ambrosiano :$btesto italiano e commento /$ca cura del Prof. Dott. D. G. Castoldi. 260 $aAlba ; Roma ; Catania :$bIstituto Missionario Pia Società San Paolo,$c1940. 300 $a268 p. :$bill. ;$c13 cm. 500 $aLascito Mons. Guzzetti. 650 4$aEvangeliari - Commenti e studi.$0(OLS)http://semarc/subject/7044 650 4$aLezionario ambrosiano festivo - Commenti e studi.$0(OLS)http://semarc/subject/3221 850 $aSeMil 852 $aSeMil$W1$xVenegono$y1$m3F I 587$j125208$B125208$CSeMilBibl$Z2$F138047 $81 961 $aLascito: Guzzetti mons.Giovanni Battista 996 $6245$aEvangeliario festivo ambrosiano :$btesto italiano e commento$9(OLS)http://semarc/title/249906 996 $6260$aAlba ; Roma ; Catania :$bIstituto Missionario Pia Società San Paolo$9(OLS)http://semarc/publisher/38979